000 00747nam a2200217 a 4500
001 BRCA_1972
005 20190320203624.0
008 230905s1987----sp-a---###---#000-0#spa-#
020 _a8433575619
050 4 _aN6490
_b.T46 1987
100 1 _aThomas, Karin
_96056
245 1 0 _aDiccionario del arte actual
_cKarin Thomas ; traducción Gonzalo Hernández Ortega.
260 _aBarcelona
_bLabor
_c1987
300 _a208 p.
_b157 il. (algunas a color)
_c18 cm.
500 _aTraducción de: Dumont´s Kleines Sachwörterbuch zur Kunst des 20 Jahrhunderts
500 _aIncluye listas de láminas a color
650 1 4 _aArte moderno
_vDiccionarios
_ySiglo XX
_96057
700 1 _aHernández Ortega, Gonzalo
_96058
902 _aREF
942 _2lcc
_cB
999 _c1741
_d1741